Music and Movement Activities (Record no. 1251)

000 -LEADER
fixed length control field 00363nam a22001337a 4500
008 - FIXED-LENGTH DATA ELEMENTS--GENERAL INFORMATION
fixed length control field 131206b xxu||||| |||| 00| 0 eng d
020 ## - INTERNATIONAL STANDARD BOOK NUMBER
International Standard Book Number 9966364358
050 ## - LIBRARY OF CONGRESS CALL NUMBER
Classification number LB 1139.3.K4.W34 2010.
100 ## - MAIN ENTRY--PERSONAL NAME
Personal name Wafula,I.
245 ## - TITLE STATEMENT
Title Music and Movement Activities
Statement of responsibility, etc Irene Wafula
260 ## - PUBLICATION, DISTRIBUTION, ETC. (IMPRINT)
Place of publication, distribution, etc Nairobi
Name of publisher, distributor, etc Longhorn Publishers
Date of publication, distribution, etc 2010
300 ## - PHYSICAL DESCRIPTION
Extent ix,74p.
Other physical details Ill.
942 ## - ADDED ENTRY ELEMENTS (KOHA)
Source of classification or shelving scheme
Item type Book
Holdings
Withdrawn status Lost status Source of classification or shelving scheme Damaged status Not for loan Home library Current library Date acquired Total Checkouts Full call number Barcode Date last seen Date last borrowed Price effective from Koha item type Total Renewals
          Riara University Library Riara University Library 06/12/2013 7 LB 1139.3.K4 W34 2010 4409/13 15/12/2016 07/12/2016 06/12/2013 Book  
          Riara University Library Riara University Library 06/12/2013 4 LB 1139.3.K4 W34 2010 4410/13 25/11/2016 20/09/2016 06/12/2013 Book 1

Riara University Library,
P.O. Box 49940-00100,
Nairobi, Kenya.